000 01035nam a2200301Ia 4500
003 OSt
005 20221007124703.0
006 a|||||r|||| 00| 0
007 ta
008 221006b |||||||| |||| 00| 0 eng d
020 _a9781118510025 (hbk)
024 _a192930
037 _b3989, 20/03/2015, Educational Book Agency (India)
_cTextual
040 _aCDL
_cCDL
_beng
041 _2eng
_aeng
082 _aE9G, Q4 Carc
100 _aGasser Gilles Ed.
_9720108
245 0 _aInorganic chemical biology: principles, techniques and applications
260 _aWest
_bSussex Wiley
_c2014
300 _axx, 409p. col. ill.
_ccm.
500 _aIndex 403-409p.
650 _a Atomic absorption spectroscopy
_9720109
650 _a Photophysical properties
_9720110
650 _a Small molecule messengers
_9720111
650 _aGreen chemistry technology
_9720112
942 _hE9G, Q4 Carc
_cTEXL
_2CC
999 _c1213928
_d1213928